| 000 | 00426cam a2200169ua 4500 | ||
|---|---|---|---|
| 020 | _c12.6 sh | ||
| 041 |
_aeng _h |
||
| 082 |
_a828.09 _bWEL/WI |
||
| 100 | _aWelland, D S R . | ||
| 245 |
_aWilfred Owen: A critical study / _cD S R Welland. _hTextual Documents |
||
| 260 |
_aLondon : _bChatto and Windus , _c1960. |
||
| 300 | _a158 ; . | ||
| 365 | _a12.6 sh | ||
| 504 | _a | ||
| 942 | _cBK | ||
| 999 |
_c12248 _d12248 |
||